[Event "FRA-chT4 0405"]
[Site "Bretagne"]
[Date "2005.01.09"]
[Round "4"]
[White "Blanchard, Esteban"]
[Black "Chaussade, Lionel"]
[Result "1/2-1/2"]
[WhiteElo "1540"]
[BlackElo "1499"]
[PlyCount "66"]
[EventDate "2004.04.03"]
[EventType "team"]
[EventRounds "7"]
[EventCountry "FRA"]
[SourceTitle "EXT 2007"]
[Source "ChessBase"]
[SourceDate "2006.11.23"]
[SourceVersion "1"]
[SourceVersionDate "2006.11.23"]
[SourceQuality "1"]

1. d4 d5 2. c4 e6 3. cxd5 exd5 4. Nc3 Nf6 5. Bg5 Be7 6. Qc2 Nc6 7. e3 0-0 8. a3 Ng4 9. Bxe7 Nxe7 10. Bd3 f5 11. Nge2 Ng6 12. h3 Nh6 13. 0-0 c6 14. Rae1 Qg5 15. Ng3 Bd7 16. Qb3 f4 17. exf4 Nxf4 18. Re5 Qh4 19. Qc2 Bxh3 20. Nce2 Nxd3 21. Qxd3 Bg4 22. Re1 Qf6 23. f3 Bf5 24. Nxf5 Nxf5 25. g4 Qh4 26. Rd1 Ng3 27. Kg2 Ne4 28. Rf1 Ng5 29. Rh1 Rxf3 30. Rxh4 Rxd3 31. Rxg5 Rd2 32. Re5 Rxb2 33. Rh3 Rf8 1/2-1/2